Selections from the poems of John Keats (Record no. 224257)
[ view plain ]
| 000 -LEADER | |
|---|---|
| fixed length control field | 00563nam a22002057a 4500 |
| 005 - DATE AND TIME OF LATEST TRANSACTION | |
| control field | 20220728113657.0 |
| 008 - FIXED-LENGTH DATA ELEMENTS--GENERAL INFORMATION | |
| fixed length control field | 220728b ||||| |||| 00| 0 eng d |
| 040 ## - CATALOGING SOURCE | |
| Transcribing agency | Aloy |
| 041 ## - LANGUAGE CODE | |
| Language code of text/sound track or separate title | eng |
| 082 ## - DEWEY DECIMAL CLASSIFICATION NUMBER | |
| Edition number | 23 |
| Classification number | 821.7 |
| Item number | KEAS |
| 100 ## - MAIN ENTRY--PERSONAL NAME | |
| Personal name | John Keats |
| 100 ## - MAIN ENTRY--PERSONAL NAME | |
| 9 (RLIN) | 53775 |
| 245 ## - TITLE STATEMENT | |
| Title | Selections from the poems of John Keats |
| 260 ## - PUBLICATION, DISTRIBUTION, ETC. | |
| Place of publication, distribution, etc. | London |
| Name of publisher, distributor, etc. | The Gresham Publishing Company |
| Date of publication, distribution, etc. | 1917 |
| 300 ## - PHYSICAL DESCRIPTION | |
| Extent | 279p. |
| Other physical details | HB |
| Dimensions | 15x16cm. |
| 365 ## - TRADE PRICE | |
| Source of price type code | English |
| 650 ## - SUBJECT ADDED ENTRY--TOPICAL TERM | |
| Topical term or geographic name entry element | Englisn Poetry |
| 9 (RLIN) | 53776 |
| 650 ## - SUBJECT ADDED ENTRY--TOPICAL TERM | |
| Topical term or geographic name entry element | English Literature |
| 9 (RLIN) | 53777 |
| 700 ## - ADDED ENTRY--PERSONAL NAME | |
| Personal name | KEATS (John) |
| 9 (RLIN) | 53778 |
| 942 ## - ADDED ENTRY ELEMENTS (KOHA) | |
| Source of classification or shelving scheme | Dewey Decimal Classification |
| Koha item type | George Fernandes Collections |
| Withdrawn status | Lost status | Source of classification or shelving scheme | Damaged status | Not for loan | Collection code | Home library | Current library | Date acquired | Total Checkouts | Full call number | Barcode | Date last seen | Price effective from | Koha item type |
|---|---|---|---|---|---|---|---|---|---|---|---|---|---|---|
| Dewey Decimal Classification | English | St Aloysius Library | St Aloysius Library | 03/24/2013 | 821.7 KEAS | GF02442 | 07/28/2022 | 07/28/2022 | George Fernandes Collections |